000 00797nab a2200241uuc4500
001 999259
005 20240227091216.0
008 061020s2002 eng
035 _a999259
035 _a(OCoLC)820373806
040 _ccomduadb
041 _aeng
100 1 0 _aCullen, Richard
_4aut
_eaut
_9518749
245 1 0 _aSupportive teacher talk : the importance of the F-move
260 _c2002.
650 _aFeedback (Learning)
_982368
650 _aRetroalimentación (Aprendizaje)
_96785
650 _aInteraction in education
_9124180
650 _aTeacher student relationship
_9170416
650 7 _aRelaciones maestro-estudiante
_2armarc
_9221712
773 0 _tELT Journal (United States)
_gVol. 56, No. 02, Apr. 2002, p. 117-127
_w684079
_x0951-0893
_0204158
942 _cARIMP
999 _c399448
_d399448